Kávéfogyasztási szokások hazánkban és az MTVA Adásszünet Bisztróban
| Main Author: | |
|---|---|
| Other Authors: | |
| Format: | Project work |
| Kulcsszavak: | fogyasztási szokás kávé kávéfogyasztás kávékultúra mtva |
| Online Access: | http://dolgozattar.uni-bge.hu/60250 |
MARC
| LEADER | 00000nnm a2200000 i 4500 | ||
|---|---|---|---|
| 001 | dolg60250 | ||
| 005 | 20260409150208.0 | ||
| 008 | 260409suuuu hu o 000 hun d | ||
| 040 | |a BGE Dolgozattár Repozitórium |b hun | ||
| 041 | |a hu | ||
| 100 | 1 | |a Baranovicová Gabriela | |
| 245 | 1 | 0 | |a Kávéfogyasztási szokások hazánkban és az MTVA Adásszünet Bisztróban |c Baranovicová Gabriela |h [elektronikus dokumentum] |
| 516 | |a Project_work | ||
| 520 | 3 | |a A kávézás mindennapi életünk fontos részét képzi. Amellett, hogy finom, számos jótékony hatással bír. Segít az energanövelésben, a fáradtságérzet csökkentésében, az emésztésben, és kutatások szerint a rendszeres kávéfogyasztás csökkenti bizononyos megbetegedések kialakulásának kockázatát. Projektmunkámban arra kerestem a választ, hogy mi áll a kávéfogyasztás népszerűségének hátterében és milyen fő motivációk vezérlik a kávézást. A dolgozat során a kávé eredetétől és elterjedésétől kezdve, a jelentősebb termelő országokon át a hazai helyzetig vizsgálom a témát, különös tekintettel a mai fogyasztói igényekre. | |
| 695 | |a fogyasztási szokás | ||
| 695 | |a kávé | ||
| 695 | |a kávéfogyasztás | ||
| 695 | |a kávékultúra | ||
| 695 | |a mtva | ||
| 700 | 1 | |a Lenkovics Dr. Beatrix |e ths | |
| 856 | 4 | 0 | |u http://dolgozattar.uni-bge.hu/60250/1/Projektmunka_BG.pdf |z Dokumentum-elérés |
| 856 | 4 | 0 | |u http://dolgozattar.uni-bge.hu/60250/2/2.%20Baranovicov%C3%A1%20Gabriela%20B%C3%ADr%C3%A1lati%20lap_FOSZK_2025.pdf |z Dokumentum-elérés |